La ruta de la seda / (Record no. 35822)

MARC details
000 -LEADER
campo de control de longitud fija 00678nam a2200217 i 4500
001 - NÚMERO DE CONTROL
campo de control 35822
003 - IDENTIFICADOR DE NÚMERO DE CONTROL
campo de control ES-MaACL
005 - FECHA Y HORA DE LA ÚLTIMA TRANSACCIÓN
campo de control 20230906155225.0
007 - CAMPO FIJO DE DESCRIPCIÓN FÍSICA--INFORMACIÓN GENERAL
campo de control de longitud fija t|
008 - DATOS DE LONGITUD FIJA--INFORMACIÓN GENERAL
campo de control de longitud fija 030214s1967 sp abf |||| | spa d
080 ## - NÚMERO DE LA CLASIFICACIÓN DECIMAL UNIVERSAL
Número de la Clasificación Decimal Universal 677.41:382(091)
100 1# - ENTRADA PRINCIPAL--NOMBRE DE PERSONA
Nombre de persona Boulnois, Luce.
9 (RLIN) 30925
245 13 - MENCIÓN DEL TÍTULO
Título La ruta de la seda /
Mención de responsabilidad, etc. Luce Boulnois ; prólogo de F. Torrella Niubó ; [traducción de Antonio Valiente].
250 ## - MENCION DE EDICION
Mención de edición 1ª ed.
260 ## - PUBLICACIÓN, DISTRIBUCIÓN, ETC.
Lugar de publicación, distribución, etc. [Barcelona] :
Nombre del editor, distribuidor, etc. Aymá,
Fecha de publicación, distribución, etc. 1967.
300 ## - DESCRIPCIÓN FÍSICA
Extensión 290 p., 32 lám. :
Otras características físicas il., map. ;
Dimensiones 21 cm.
651 #4 - PUNTO DE ACCESO ADICIONAL DE MATERIA--NOMBRE GEOGRÁFICO
Nombre geográfico Ruta de la Seda.
9 (RLIN) 151299
700 1# - ENTRADA AGREGADA--NOMBRE PERSONAL
Nombre de persona Torrella Niubó, F.
9 (RLIN) 110818
700 1# - ENTRADA AGREGADA--NOMBRE PERSONAL
Nombre de persona Valiente, Antonio G.
9 (RLIN) 112693
852 ## - LOCALIZACIÓN
Ubicación ES-MaACL
Número de control de estantería C-33519
Holdings
Estatus retirado Estado de pérdida Estado de daño No para préstamo Biblioteca de origen Biblioteca actual Ubicación en estantería Fecha de adquisición Fuente de adquisición Total de préstamos Signatura topográfica completa Código de barras Visto por última vez Precio de reemplazo Tipo de ítem Koha
        Biblioteca del Ateneo de Madrid Biblioteca del Ateneo de Madrid Depósito 2 17/01/2008     C-33519 1037530 23/02/2023 23/02/2023 Libro impreso